000 00515nam a2200193Ia 4500
005 20250508150324.0
008 008 250505s9999 xx 000 0 eng d
037 _aTextual
040 _aFEDL
_beng
_cFEDL
041 _aeng
_2eng
084 _a141, DEW
_qFEDL
100 _aDewey John
245 0 _aIndividualism old and new
260 _aLondon, UK
_bGeorge Allen and Unwin Limited
_c1931
300 _a158p.
650 _aPhilosophy
942 _cTEXL
_h141, DEW
999 _c1322990
_d1322990